00737nam a2200265Ia 4500008004100000020001800041050001400059100002100073245002100094245007500115245005300190260002500243260001600268260000900284300001500293300001400308300001000322500000900332650002200341650002000363650002600383650002200409700002900431700001100460180803s9999 xx 000 0 und d a9780545568456 bA111 2012 aArnold, Caroline 2aA warmer world : 0bfrom polar bears to butterflies, How climate change affects wilflife / 0cby Caroline Arnold ; illustrated by Jamie Hogan. aNew York, New York : bScholastic, c2012 a31 pages : bcolored ; c25cm. a1110 aClimatic changes. aGlobal warming. aWildlife resources -- xClimatic factors. aHogan, Jamie.  aTitle.